| 000 | 00444nam a2200181Ia 4500 | ||
|---|---|---|---|
| 005 | 20250423100204.0 | ||
| 008 | 250422s9999 xx 000 0 und d | ||
| 020 | _a0582435684 | ||
| 050 | _aPZ 7 .T39 M53/ | ||
| 100 | _aTaylor, Nancy | ||
| 245 | 0 | _aMichael Jordan | |
| 260 | _aHarlow, Essex | ||
| 260 | _bPearson | ||
| 260 | _c2001 | ||
| 300 | _a13 p | ||
| 650 | _aEnglish language -- Study and teaching Readers - Level 1 | ||
| 942 | _cBK | ||
| 999 |
_c32547 _d32547 |
||